00705nam a2200217 i 450000100060000000300090000600500170001500700030003200800410003502000180007608000190009408000100011310000340012324501470015725000150030426000460031930000300036560000460039565000130044185200330045410090ES-MaACL20230906145822.0t|950208s1993 sp ||||1| spa d a84-85433-08-4 a262.13 Pio XII a929.70 aOliveira, Plinio Corrêa de.10aNobleza y élites tradicionales análogas en las alocuciones de Pio XII al Patriciado y a la Nobleza romana / cPlinio Corrêa de Oliveira. a[2ª ed.]. aMadrid : bFernando III el Santo, c1993. a327 p. : bil. ; c29 cm.04aPío bXII, cPapa-xPensamiento social.14aNobleza. aES-MaACLjL-17595 bR.123528